| 000 | 01313cam a22002651ia4500 | ||
|---|---|---|---|
| 003 | SA-RiAUC | ||
| 005 | 20241118071710.0 | ||
| 008 | 241118s2012 ua g 000 0 ara c | ||
| 040 |
_aSA-MaMIU _bara _cSA-RiAUC _erda |
||
| 082 | 0 | 4 |
_a258.2 _qSA-RiAUC |
| 090 |
_a258.2 _bد م ي |
||
| 100 | 1 |
_aالدميري، بهرام بن عبد الله بن عبد العزيز، _d734-805 هجري _eمؤلف. |
|
| 245 | 1 | 2 |
_aالشامل في فقه الإمام مالك / _cتأليف تاج الدين أبي البقاء بهرام بن عبد الله بن عبد العزيز الدميري الملكي ؛ تحقيق أحمد عبد الكريم نجيب. |
| 250 | _aالطبعة الأولى. | ||
| 264 | 1 |
_aالقاهرة : _bالمكتبة التوفيقية، _c2012 |
|
| 300 |
_a2 مجلد ؛ _c24 سم |
||
| 336 |
_aنص _btxt _2rdacontent _3كتاب |
||
| 337 |
_aبدون وسيط _bn _2rdamedia |
||
| 338 |
_aمجلد _bnc _2rdacarrier |
||
| 650 | 7 |
_aالفقه المالكي _2aucsh |
|
| 700 | 1 |
_aنجيب، أحمد عبد الكريم _eمحقق. |
|
| 700 | 1 | 2 |
_iتحقيق لـ (عمل) : _aالدميري، بهرام بن عبد الله بن عبد العزيز، _d734-805 هجري. _tالشامل في فقه الإمام مالك |
| 942 |
_2ddc _cBOOK |
||
| 949 |
_aSA-JeALM _d241118 _ukhaled123 _n1 |
||
| 999 |
_c2452 _d2452 |
||